Pokémon que empiezan por la letra B - Estadísticas

Estadísticas generales
  • Esta prueba ha sido intentada 24 veces
    13 desde el último reinicio
  • La puntuación promedio es 36 de 55
Estadísticas de respuestas
Gen. Tipo Nombre % Correcto
III Dragon Bagon
89%
III Fantasme Banette
89%
VI Roca/agua Barbaracle
89%
III Psíquico/Acero Beldum
89%
I Agua Blastoise
89%
I Planta/Veneno Bulbasaur
89%
III Tierra/Psíquico Baltoy
78%
III Agua/Tierra Barboach
78%
II Planta Bellossom
78%
I Planta/veneno Bellsprout
78%
IV Normal/Agua Bibarel
78%
IV Normal Bidoof
78%
III Fuego/Lucha Blaziken
78%
IV Acero/Psíquico Bronzong
78%
IV Acero/Psíquico Bronzor
78%
I Bicho/Volador Butterfree
78%
VIII Agua Barraskewda
67%
V Agua Basculin
67%
IV Acero/Roca Bastiodon
67%
IX Dragon/Hielo Baxcalibur
67%
II Planta Bayleef
67%
I Bicho/Veneno Beedrill
67%
V Psíquico Beheeyem
67%
IX Eléctrico Bellibolt
67%
VII Normal/Lucha Bewear
67%
VI Agua/Roca Binacle
67%
V Acero/Siniestro Bisharp
67%
VI Fuego Braixen
67%
IX Planta/Fantasma Brambleghast
67%
IX Planta/Fantasma Bramblin
67%
III Planta/Lucha Breloom
67%
VII Agua/Psíquico Bruxish
67%
IV Planta/Veneno Budew
67%
IV Normal Buneary
67%
VI Normal Bunnelby
67%
IV Bicho Burmy
67%
VIII Agua/Fantasma Basculegion
56%
V Hielo Beartic
56%
III Bicho/volador Beautifly
56%
VI Hielo Bergmite
56%
VII Fuego/Fantasma Blacephalon
56%
V Eléctrico Blitzle
56%
IX Volador/Siniestro Bombirdier
56%
V Normal Bouffalant
56%
VII Planta Bounsweet
56%
V Normal/Volador Braviary
56%
IV Agua Buizel
56%
VII Bicho/Lucha Buzzwole
56%
V Roca Boldore
44%
VIII Eléctrico Boltund
44%
IV Roca Bonsly
44%
IX Dragon/Siniestro Bramaluna
44%
VII Agua Brionne
44%
VIII Bicho Blipbug
33%
II Normal Blissey
33%
No se encontraron pruebas coincidentes
Distribución de puntuación
Porcentaje de gente con cada puntuación
Porcentaje por número respondido
Historial de tus puntuaciones
No has intentado esta prueba desde el último reinicio